| 000 | 02354cam a22004934i 4500 | ||
|---|---|---|---|
| 003 | PE-LiUPU | ||
| 005 | 20250731172752.0 | ||
| 008 | 150617s1986 sp rb 000 0 spa d | ||
| 020 | _a8429307362 | ||
| 035 | _a(Sirsi) i9788429307368 | ||
| 040 |
_aPE-LiUPU _bspa _cPE-LiUPU _erda |
||
| 049 | _aPRUA | ||
| 082 | 0 | 4 |
_a213 _bR94 _221 |
| 100 | 1 |
_aRuiz de la Peña, Juan Luis, _eautor. |
|
| 245 | 1 | 0 |
_aTeología de la creación / _cJuan Luis Ruiz de la Peña. |
| 264 | 1 |
_aSantander : _bSal Terrae, _c1986. |
|
| 300 |
_a279 páginas ; _c22 centímetros. |
||
| 336 |
_atext _2rdacontent |
||
| 337 |
_aunmediated _2rdamedia |
||
| 338 |
_avolume _2rdacarrier |
||
| 490 | 0 |
_aColección Presencia teológica ; _v24 |
|
| 504 | _aIncluye bibliografía. | ||
| 505 | 0 | _aLa creación en el antiguo testamento -- Antecedentes de la fe bíblica en la creación -- De la fe implícita a la fe explícita -- El relato bíblico de la creación -- El resto del antiguo testamento -- Cuestiones complementarias -- Cristo y la creación: el nuevo testamento -- La creación en Pablo -- La creación en Juan -- Desarrollo histórico de la doctrina de la creación -- La teología medieval a la edad media. La reflexión teológica -- El modo de la creación -- La fe en la creación y la experiencia del mal -- El mal en el horizonte de Jesús de Nazaret -- La fe en la creación y la crisis ecológica. Relaciones fe -- ciencia consideraciones generales -- Relaciones fe -- ciencia cuestiones puntuales -- Relaciones fe-ciencia: materialismo y creacionismo. | |
| 526 | _aSEG42 | ||
| 526 | _aSEG41 | ||
| 526 | _aSEG40 | ||
| 526 | _aSEG39 | ||
| 526 | _aP94 | ||
| 526 | _aP87 | ||
| 526 | _aP86 | ||
| 526 | _aP85 | ||
| 526 | _aP77 | ||
| 526 | _aP76 | ||
| 526 | _aP35 | ||
| 650 | 0 | 4 | _aCreación. |
| 650 | 0 | 4 | _aCreation. |
| 910 |
_ajck _bjvq _cjck _d20150616 |
||
| 942 |
_2ddc _cBOOK |
||
| 949 |
_a213 R94 _wDEWEY _c1 _i27577 _d2016-11-11 _e2016-11-8 _lCCODEBUL1 _mBUL _n5 _r0 _sY _tBOOK _u2015-4-21 _xTEOLOGIA _PP35 _0COMPRA _o.STAFF. Colección Teología |
||
| 994 |
_aC0 _bPEPRU |
||
| 596 | _a1 | ||
| 999 |
_a213 R94 _wDEWEY _c2918 _i27577 _d2918 _e2018-10-29 _f2021-11-11 _g5 _lCCODEBUL1 _mBUL _n10 _p55.00 _q4 _r0 _sY _tBOOK _u2015-4-21 _xTEOLOGIA _PP35 _0COMPRA _o.STAFF. Colección Teología |
||
| 980 |
_81 _gALBERTO SANCHEZ Responsable de Automatización |
||